| 000 | 00784nam a2200217 a 4500 | ||
|---|---|---|---|
| 005 | 20230624063846.0 | ||
| 008 | 991125s1995 mad 000 0 spa u | ||
| 020 | _a8433106864 | ||
| 035 | _aUPN01000037932 | ||
| 049 | _aI | ||
| 050 | 4 |
_aLB1025.3 _bM4 |
|
| 245 | 0 | 0 |
_aMemoria - 1 : _bActividades para el desarrollo de la memoria visual y auditiva / _ccoord. Antonio Valles Arándiga. |
| 260 |
_aMadrid : _bEscuela Española, _c1995. |
||
| 300 |
_a159 p. : _bprincipalmente il. |
||
| 440 | 0 |
_aRecuperación y apoyo educativo ; _v40 |
|
| 500 | _a"Ambito óptimo de aplicación : 1er y 2o. ciclos de educación primaria." | ||
| 650 | 4 |
_aMEMORIZACION _921706 |
|
| 650 | 4 |
_aProceso enseñanza-aprendizaje _942 |
|
| 700 | 1 |
_aVallés Arándiga, Antonio _ecoord. _929479 |
|
| 905 | _aInfantil | ||
| 999 |
_c37932 _d37932 |
||